00670 2200229 4500001002100000005001700021008004100038020001800079035002500097040001200122082001200134084002200146100001900168245008200187260003700269300003000306504003100336650002100367700001800388850001200406990002200418INLIS00000000001685020160128151816.0  a979-127-327-8 a0010-011600000000941 aYOPDYOG a332.024 aDEP 332.024 Sul C aSULASTININGSIH aCerdasmengelola keuangan keluargac/ Sulastiningsih;penyunting, Yusuf Maulana aYogyakarta:bPro-U Media,c2008. a178 hlm.:bilus.;c20 cm. aBibliografi : hlm. 117-178 aKeuangan Pribadi aYusuf Maulana aYOPDYOG aCB-D.11/2008-2117